000
00346nam a2200133Ia 4500
008
151213s9999 xx 000 0 und d
100
_a
Azizul Haque
245
_a
Trends in Pakistan's Extant Policy
_c
Azizul Haque
260
_a
Dhaka
_b
Asiatic Socitey
_c
1985
300
_a
7191 p.
650
_a
Reference
700
_a
Azizul Haque
999
_c
3829
_d
3829